| 000 | 00365nam a22001337a 4500 | ||
|---|---|---|---|
| 008 | 230606b xxu||||| |||| 00| 0 eng d | ||
| 020 | _a1841133043 | ||
| 082 |
_a364.156 _bMIT |
||
| 100 |
_cPaul Mitchell _d2005 |
||
| 245 |
_a The Making Of Modern Law Defamation _cPaul Mitchell |
||
| 260 |
_aUSA _bOxford and Portland, Oregon _c2005 |
||
| 300 | _a283 p | ||
| 942 |
_2ddc _cBK |
||
| 999 |
_c704 _d704 |
||